00631nam a2200145 a 4500008004100000050001400041100002200055245004600077260002500123300002200148350000900170995014900179995014000328999001700468120416s1987 ||||||||||||||||| || u aT 355 Mol aMolnar, John P. E10aBuilding construction drafting and design aNew DelhibCBSc1987 axii, 244p. : ill. a0.00 aMAIN LIBRARY OPEN ACCESSD0.00e724407FCBU-MAIN LIBRARY (Kitwe)H3I70.00jT 355 MolM1UAVAILABLEy013733ZMain Library Open Access Collection aBINDERY (DAMAGED)D0.00e724406FCBU-MAIN LIBRARY (Kitwe)H2I70.00jT 355 MolM2UDAMAGEDy013734ZMain Library Open Access Collection c78901d78901